Tripoints of Landlocked Countries - Statistics

General Stats
  • This quiz has been taken 290 times
  • The average score is 34 of 36
Answer Stats
COUNTRY % Correct
Austria
98%
Austria
98%
Austria
98%
Hungary
98%
Uzbekistan
98%
Uzbekistan
98%
Uzbekistan
98%
Uzbekistan
98%
Uzbekistan
98%
Slovakia
97%
Slovakia
97%
Switzerland
97%
Tajikistan
97%
Tajikistan
97%
Turkmenistan
97%
Turkmenistan
97%
Turkmenistan
97%
Afghanistan
96%
Afghanistan
96%
Kazakhstan
96%
Kazakhstan
96%
Kazakhstan
96%
Liechtenstein
96%
Czech Republic
95%
Kyrgyzstan
93%
Kyrgyzstan
93%
Mali
89%
Niger
88%
Burkina Faso
87%
Zimbabwe
87%
Zambia
86%
Botswana
84%
Serbia
84%
Azerbaijan
82%
Kosovo
82%
Macedonia
81%
No matching quizzes found
Score Distribution
Percent of People with Each Score
Percentile by Number Answered
Your Score History
You have not taken this quiz